| 000 | 00651nam a2200205 a 4500 | ||
|---|---|---|---|
| 005 | 20230909063612.0 | ||
| 008 | 050317s2004 mx 000 0 spa d | ||
| 020 | _a9707014768 | ||
| 035 | _aUPN01000138098 | ||
| 049 | _aCG | ||
| 050 | 4 |
_aF1392 A1 _bC6.3 |
|
| 100 | 1 | _aCoronado, Gabriela | |
| 245 | 1 | 3 |
_aEl hipertexto multicultural en México posmoderno : _bparadojas e incertidumbres / _cGabriela Coronado, Bob Hodge. |
| 260 |
_aMéxico : _bCIESAS : _bM. A. Porrúa, _c2004. |
||
| 300 | _a306 p. | ||
| 440 | 0 |
_aSociedades. _pHistorias. _pLenguajes |
|
| 650 | 4 |
_aMulticulturalismo _zMéxico _97488 |
|
| 700 | 1 |
_aHodge, Bob, _ecoaut. |
|
| 905 | _aLibro | ||
| 999 |
_c110246 _d110246 |
||